Statistics for Panhandles by picture

Click here to take the quiz!

General Stats

  • This quiz has been taken 106 times
  • The average score is 10 of 20

Answer Stats

Answer% Correct
Alaska
78%
Maryland
73%
Oklahoma
71%
India
67%
Myanmar
67%
Florida
66%
Idaho
63%
Croatia
59%
Namibia
59%
Austria
53%
Cameroon
51%
Afghanistan
43%
Brazil
41%
Guatemala
41%
West Virginia
40%
Ontario
37%
Laos
35%
Uzbekistan
32%
Argentina
23%
Missouri
15%

Score Distribution

Percentile by Number Answered

Percent of People with Each Score

Your Score History

You have not taken this quiz